Stati per esportazioni di Computer - Statistics

Statistiche generali
  • Questo quiz è stato fatto 12 volte
  • Il punteggio medio è 7 su 10
Statistiche sulle risposte
Esportazioni (milioni $) Continente Nazione % Corretto
163 421 Asia Cina
100%
12 611 Europa Germania
100%
26 286 America del Nord Stati Uniti
100%
20 738 Asia / Europa Russia
91%
26 667 Europa Paesi Bassi
73%
6 409 Asia Vietnam
55%
8 261 Asia Singapore
45%
7 210 Asia Malaysia
36%
12 116 Asia Thailandia
36%
9 280 Europa Repubblica Ceca
27%
Nessun quiz corrispondente trovato
Distribuzione punteggi
Percentuale di utenti per punteggio
Percentile per numero di risposta
I tuoi punteggi nel tempo
Non hai fatto questo quiz